[Event "NATO-ch 23nd"]
[Site "Brest"]
[Date "2012.10.04"]
[Round "6.1"]
[White "Drabke, Lorenz Maximilian"]
[Black "Wantiez, Fabrice"]
[Result "1/2-1/2"]
[WhiteElo "2411"]
[BlackElo "2337"]
[PlyCount "55"]
[EventDate "2012.10.01"]
[EventType "swiss"]
[EventRounds "7"]
[EventCountry "FRA"]

1. e4 e5 2. Bc4 Nf6 3. d3 Nc6 4. Nf3 Be7 5. O-O d6 6. c3 O-O 7. Bb3 Na5 8. Bc2
c5 9. h3 Qc7 10. Re1 Re8 11. a3 a6 12. b4 Nc6 13. Be3 d5 14. exd5 Nxd5 15. Bxc5
Bxc5 16. bxc5 Bf5 17. Bb3 Nf4 18. d4 exd4 19. cxd4 Qd7 20. Rxe8+ Rxe8 21. Nc3
Nxg2 22. Kxg2 Bxh3+ 23. Kh2 Qg4 24. Qh1 Qh5 25. Kg3 Qg4+ 26. Kh2 Qh5 27. Kg3
Qg4+ 28. Kh2 1/2-1/2

[Event "NATO-ch 23nd"]
[Site "Brest"]
[Date "2012.10.04"]
[Round "6.11"]
[White "Narman, Gokhan"]
[Black "Schott, Guido"]
[Result "1-0"]
[WhiteElo "2075"]
[BlackElo "2192"]
[PlyCount "191"]
[EventDate "2012.10.01"]
[EventType "swiss"]
[EventRounds "7"]
[EventCountry "FRA"]

1. d4 Nf6 2. g3 d5 3. Bg2 c5 4. Nf3 Nc6 5. O-O e6 6. c3 Be7 7. Bg5 Qb6 8. Qb3
Qxb3 9. axb3 cxd4 10. cxd4 Bd7 11. Nc3 O-O 12. Rfd1 Rfd8 13. Ne5 Be8 14. e3 h6
15. Bxf6 gxf6 16. Nd3 f5 17. Bf1 Nb4 18. Rdc1 Rdc8 19. Kg2 Nxd3 20. Bxd3 a6 21.
Na4 Bxa4 22. bxa4 Kf8 23. h3 Ke8 24. g4 fxg4 25. hxg4 Rxc1 26. Rxc1 Kd7 27. Rh1
Rg8 28. Kf3 Bf8 29. Kg3 Bg7 30. f4 Rc8 31. f5 Ke7 32. Kf4 Rc6 33. a5 b6 34.
axb6 Rxb6 35. Ra1 Rxb2 36. Rxa6 Rb7 37. fxe6 fxe6 38. Bh7 Rd7 39. g5 hxg5+ 40.
Kxg5 Rd6 41. Ra7+ Rd7 42. Ra2 Bh8 43. Rh2 Kd6 44. Bg6 Bg7 45. Ra2 Ke7 46. Bd3
e5 47. Kg6 Bh8 48. Bf5 Rd6+ 49. Kh7 exd4 50. Kxh8 dxe3 51. Kg7 d4 52. Ra7+ Kd8
53. Ra8+ Ke7 54. Bd3 Re6 55. Ra2 Kd6 56. Kf7 Re5 57. Kf6 Re8 58. Kf5 Kd5 59.
Ra5+ Kd6 60. Ra1 Kd5 61. Kg4 e2 62. Re1 Kc5 63. Bxe2 d3 64. Rc1+ Kd4 65. Bd1
Re1 66. Kf3 d2 67. Rb1 Re7 68. Kf2 Kc3 69. Rb3+ Kc4 70. Ra3 Re1 71. Be2+ Kb4
72. Rd3 d1=Q 73. Bxd1 Re7 74. Bf3 Kc4 75. Rd8 Kc5 76. Be2 Re5 77. Ke1 Rd5 78.
Rc8+ Kd4 79. Kd2 Rc5 80. Rd8+ Ke5 81. Ke3 Ra5 82. Rh8 Ra3+ 83. Bd3 Ra1 84. Rh5+
Kd6 85. Kd4 Ra4+ 86. Bc4 Ra1 87. Rh6+ Ke7 88. Bd5 Ra3 89. Be4 Ra5 90. Bd3 Ra1
91. Be4 Ra4+ 92. Ke5 Ra5+ 93. Bd5 Rb5 94. Rh7+ Kf8 95. Kf6 Rb6+ 96. Be6 1-0

[Event "NATO-ch 23nd"]
[Site "Brest"]
[Date "2012.10.04"]
[Round "6.22"]
[White "Bellemare, Regis"]
[Black "Soulie, Cedric"]
[Result "1-0"]
[WhiteElo "1764"]
[BlackElo "2073"]
[PlyCount "170"]
[EventDate "2012.10.01"]
[EventType "swiss"]
[EventRounds "7"]
[EventCountry "FRA"]

1. e4 d6 2. d4 Nf6 3. Nc3 g6 4. Bd3 Bg7 5. Be3 c6 6. Nf3 Qa5 7. Qd2 Nbd7 8. Bh6
Bxh6 9. Qxh6 Qh5 10. Qxh5 Nxh5 11. Bc4 b5 12. Bb3 Bb7 13. d5 b4 14. dxc6 Bxc6
15. Nd5 Bxd5 16. Bxd5 Rc8 17. Bb3 Nc5 18. Nd2 Nxb3 19. cxb3 Rc2 20. Nc4 Nf4 21.
O-O O-O 22. Rfd1 Rc8 23. Kf1 Rc5 24. Rac1 Rxc1 25. Rxc1 Rh5 26. h3 Rg5 27. Ne3
Ra5 28. Ra1 e6 29. Nc2 Rc5 30. Nxb4 a5 31. Na6 Rc2 32. b4 axb4 33. Nxb4 Rxb2
34. Nc6 Nd3 35. f3 Rf2+ 36. Kg1 Rc2 37. Nd4 Rc4 38. Nb5 d5 39. exd5 exd5 40. a4
Rb4 41. Nc7 d4 42. a5 Rb7 43. Nd5 Nc5 44. a6 Ra7 45. Nb4 d3 46. Kf1 d2 47. Ke2
Re7+ 48. Kf1 Kg7 49. Nc6 Re8 50. Nb4 Re7 51. a7 Rxa7 52. Rd1 Nb3 53. Ke2 Rd7
54. Nc2 f5 55. Na3 Nc1+ 56. Kf1 Rd3 57. Nc4 Nb3 58. Ke2 Rd7 59. Nxd2 Nd4+ 60.
Ke1 Nc2+ 61. Ke2 Re7+ 62. Kf2 f4 63. Ne4 Ra7 64. Nc3 Ne3 65. Re1 Rc7 66. Ne2 g5
67. g4 Rc2 68. Ra1 Rd2 69. h4 h6 70. hxg5 hxg5 71. Rb1 Kf7 72. Ra1 Nc4 73. Rh1
Rd6 74. Ra1 Kg6 75. Re1 Nb2 76. Rb1 Rd2 77. Ra1 Nd3+ 78. Kf1 Ne5 79. Kf2 Rb2
80. Ra5 Kf6 81. Ra1 Rb3 82. Ng1 Nc4 83. Rd1 Ne3 84. Ra1 Rb6 85. Rc1 Ra6 1-0

[Event "NATO-ch 23nd"]
[Site "Brest"]
[Date "2012.10.04"]
[Round "6.26"]
[White "Tucker, David S"]
[Black "Dekker, Ard"]
[Result "1-0"]
[WhiteElo "2117"]
[BlackElo "1866"]
[PlyCount "107"]
[EventDate "2012.10.01"]
[EventType "swiss"]
[EventRounds "7"]
[EventCountry "FRA"]

1. e4 c6 2. d4 d5 3. exd5 cxd5 4. Bd3 g6 5. c3 Nh6 6. Bf4 Qb6 7. Qc1 Bf5 8. Be2
Nc6 9. Nf3 f6 10. h3 Nf7 11. Be3 Bg7 12. O-O O-O 13. Nh4 Bxb1 14. Rxb1 Rac8 15.
f4 f5 16. Nf3 Nd6 17. Ne5 Qd8 18. Qe1 Nxe5 19. dxe5 Nc4 20. Bd4 e6 21. b3 Nb6
22. Qf2 Rf7 23. Rbc1 Bf8 24. g4 Be7 25. g5 Nd7 26. b4 Nb6 27. Kh2 Nc4 28. Bxc4
Rxc4 29. Bxa7 Qc8 30. Qd2 Bf8 31. Bd4 Rfc7 32. a3 b5 33. Kg3 R4c6 34. Qe2 Qb7
35. h4 Ra6 36. Ra1 Qa8 37. Qxb5 Rxa3 38. Rxa3 Qxa3 39. Qb6 Re7 40. Qa5 Qb3 41.
b5 Qc4 42. Rf2 Qd3+ 43. Rf3 Qd2 44. b6 Qb2 45. Qa6 Kf7 46. Rf2 Qb1 47. Qf1 Qb3
48. Qg2 Rb7 49. Rb2 Qc4 50. Qe2 Qc6 51. Qb5 Qc8 52. Ra2 Be7 53. Ra7 Bd8 54. Qa6
1-0

[Event "NATO-ch 23nd"]
[Site "Brest"]
[Date "2012.10.04"]
[Round "6.31"]
[White "Geerts, Luc"]
[Black "Bublys, Vaidotas"]
[Result "0-1"]
[WhiteElo "1596"]
[BlackElo "1930"]
[PlyCount "160"]
[EventDate "2012.10.01"]
[EventType "swiss"]
[EventRounds "7"]
[EventCountry "FRA"]

1. d4 Nf6 2. Nf3 c6 3. c4 d5 4. cxd5 cxd5 5. Nc3 a6 6. g3 e6 7. Bg2 Nbd7 8. O-O
Bd6 9. Bg5 h6 10. Bc1 b5 11. a3 Bb7 12. Re1 Rc8 13. Qd3 O-O 14. Nd2 Bb8 15. e4
dxe4 16. Ndxe4 Qe7 17. Nxf6+ Nxf6 18. Bxb7 Qxb7 19. Ne4 Qe7 20. Qf3 Rfd8 21.
Nxf6+ Qxf6 22. Qxf6 gxf6 23. Bxh6 Rxd4 24. Be3 Rd5 25. Rac1 Rxc1 26. Rxc1 Be5
27. Rc8+ Kg7 28. Ra8 Rd6 29. b3 Bb2 30. a4 bxa4 31. bxa4 Bc3 32. Kg2 a5 33. h4
f5 34. h5 Rc6 35. h6+ Kg6 36. Rg8+ Kh7 37. Rf8 Rc7 38. Ra8 Rc4 39. Ra7 Kg6 40.
h7 Kxh7 41. Rxf7+ Kg6 42. Re7 Kf6 43. Ra7 Rxa4 44. Ra6 Rc4 45. Bb6 a4 46. Bd8+
Kf7 47. Ra7+ Ke8 48. Bg5 Bb2 49. Re7+ Kf8 50. Rxe6 a3 51. Ra6 Kf7 52. Bf4 Re4
53. Be3 Rc4 54. Bf4 Ke8 55. Bd6 Rc3 56. Be5 Rb3 57. Bd6 Kd7 58. Bf8 Rd3 59. Bb4
Bc1 60. Bc5 Kc7 61. Bf8 Kb7 62. Ra4 Kb6 63. Ra8 Kb5 64. Ra7 Bb2 65. Ra8 Kc4 66.
Ra5 Rd5 67. Rxd5 Kxd5 68. Bxa3 Bxa3 69. f3 Bd6 70. Kf2 Kd4 71. g4 f4 72. Ke2
Be7 73. Kd2 Bb4+ 74. Ke2 Ba5 75. Kf2 Kd3 76. Kg2 Ke3 77. g5 Bd8 78. g6 Bf6 79.
Kg1 Kxf3 80. Kf1 Bd4 0-1

[Event "NATO-ch 23nd"]
[Site "Brest"]
[Date "2012.10.04"]
[Round "6.35"]
[White "Baxted, Peter"]
[Black "Stuhr, Finn"]
[Result "0-1"]
[WhiteElo "2003"]
[BlackElo "1653"]
[Annotator "Cheung,Jan"]
[PlyCount "100"]
[EventDate "2012.10.01"]
[EventType "swiss"]
[EventRounds "7"]
[EventCountry "FRA"]

1. d4 Nf6 2. c4 b6 3. Nc3 Bb7 4. Nf3 e6 5. g3 Be7 6. Bg2 d6 7. O-O O-O 8. Qc2
Nbd7 9. b3 c5 10. dxc5 dxc5 11. Rd1 Qc7 12. Bb2 Rad8 13. Rd2 Bc6 14. Rad1 Qb7
15. Ne1 Bxg2 16. Nxg2 Ne5 17. Rxd8 Rxd8 18. Rxd8+ Bxd8 19. Nf4 Nc6 20. Nd3 a6
21. Nd1 Qe7 22. Ne5 Qd6 23. Nxc6 Qxc6 24. Nc3 Qd7 25. Nb1 Qe7 26. Qd3 Bc7 27.
Qf3 Qd8 28. Bc3 Ne8 29. Nd2 e5 30. Qb7 a5 31. Qe4 f6 32. Qc2 Qd7 33. a4 Nd6 34.
Nf1 Nf5 35. Qd2 Qe6 36. e3 Kf7 37. Qd3 g6 38. Nd2 Nd6 39. Ne4 Ke7 40. Nxd6 Bxd6
41. Qd5 Qxd5 42. cxd5 e4 43. f4 Bc7 44. Kf1 Bd8 45. Be5 fxe5 46. fxe5 Bc7 47.
d6+ Bxd6 48. exd6+ Kxd6 49. Ke1 Kd5 50. Kd2 c4 0-1